000 00479nam a2200181Ia 4500
005 20250326124709.0
008 250326s9999 xx 000 0 und d
037 _aTextbook
040 _aFMSL
_beng
_cFMSL
041 _aeng
_2eng
084 _aX:51 K4
_qFMSL
100 _aCorbin A
_9737815
245 0 _aDecision exercises in marketing
_cCorbin A
260 _aNY
_bNY, McGraw-Hill
_c1964
300 _a176p
942 _cTB
_hX:51 K4
999 _c1274794
_d1274794